An introduction to physical chemistry / (Record no. 5331)

MARC details
000 -LEADER
fixed length control field 00673nam a2200229 4500
003 - CONTROL NUMBER IDENTIFIER
control field OSt
005 - DATE AND TIME OF LATEST TRANSACTION
control field 20161010181629.0
008 - FIXED-LENGTH DATA ELEMENTS--GENERAL INFORMATION
fixed length control field 160505b xxu||||| |||| 00| 0 eng d
020 ## - INTERNATIONAL STANDARD BOOK NUMBER
International Standard Book Number 9788122432213
040 ## - CATALOGING SOURCE
Transcribing agency DDC.
082 ## - DEWEY DECIMAL CLASSIFICATION NUMBER
Classification number 541
Item number DAS 2012
100 ## - MAIN ENTRY--PERSONAL NAME
Personal name Das, Ishwar
9 (RLIN) 8510
245 ## - TITLE STATEMENT
Title An introduction to physical chemistry /
Statement of responsibility, etc. Ishwar Das, Archana Sharma, Namita Rani Agrawal
250 ## - EDITION STATEMENT
Edition statement 3rd.ed
260 ## - PUBLICATION, DISTRIBUTION, ETC. (IMPRINT)
Place of publication, distribution, etc. New Delhi
Name of publisher, distributor, etc. New Age International
Date of publication, distribution, etc. 2012
300 ## - PHYSICAL DESCRIPTION
Extent xiii, 347p;
Other physical details ill :
Dimensions 25 cm
504 ## - BIBLIOGRAPHY, ETC. NOTE
Bibliography, etc Includes index
650 ## - SUBJECT ADDED ENTRY--TOPICAL TERM
Topical term or geographic name as entry element Physical chemistry
9 (RLIN) 1450
700 ## - ADDED ENTRY--PERSONAL NAME
Personal name Sharma, Archana
9 (RLIN) 8511
700 ## - ADDED ENTRY--PERSONAL NAME
Personal name Agrawal, Namita Rani
9 (RLIN) 8512
942 ## - ADDED ENTRY ELEMENTS (KOHA)
Source of classification or shelving scheme Dewey Decimal Classification
Koha item type Open Shelf
Holdings
Withdrawn status Lost status Source of classification or shelving scheme Damaged status Not for loan Home library Current library Date acquired Source of acquisition Inventory number Total Checkouts Full call number Barcode Date last seen Date last checked out Price effective from Koha item type
    Dewey Decimal Classification     MUST Main Library MUST Main Library 10/10/2016   13/37250 2 541 DAS 2012 2016-4701 15/05/2021 30/04/2021 10/10/2016 Open Shelf